| 000 | 00854nam a2200229 a 4500 | ||
|---|---|---|---|
| 999 |
_c6169 _d6169 |
||
| 001 | 6169 | ||
| 003 | BD-JhCC | ||
| 005 | 20180122131350.0 | ||
| 008 | 180115s19951998bena|||| ||a| 000 0 ben d | ||
| 035 | _a(BD-JhCC)6169 | ||
| 040 |
_aBD-JhCC _dBD-JhCC |
||
| 041 | _aben | ||
| 082 |
_a001.64 _bSAR 1998 |
||
| 100 | _aসরকার, মোঃআব্দুল মান্নান | ||
| 245 |
_aকম্পিউটার এ্যানাটমী : _bহার্ডওয়্যার এবং সফটওয়্যার / _cমোঃআব্দুল মান্নান সরকার, |
||
| 260 |
_aঢাকা : _bশিক্ষা মন্ত্রনালয়, বাংলাদেশ _c1998 |
||
| 300 |
_a509 p. : _c24 cm. |
||
| 650 | _aMicrocomputers | ||
| 650 | _aMinicomputers | ||
| 942 |
_2ddc _cBK |
||